| 000 | 00918nam a2200241 a 4500 | ||
|---|---|---|---|
| 005 | 20210223122836.0 | ||
| 008 | 991125c1998 mad 000 0 spa u | ||
| 020 | _a8448113268 | ||
| 035 | _aUPN01000042668 | ||
| 049 | _aCG | ||
| 050 | 4 |
_aQA76.9 D3 _bA3.6 |
|
| 100 | 1 | _aAbbey, Michael | |
| 245 | 1 | 0 |
_aOracle 8 : _bguía de aprendizaje : versiones 7 y 8 / _cMichael Abbey, Michael J. Corey. |
| 260 |
_aMadrid : _bMcGraw-Hill Interamericana : _bOracle Press, _cc1998. |
||
| 300 |
_axxviii, 628 p. : _bil. |
||
| 500 | _aSubtítulo de la cubierta: La más completa introducción sobre la nueva arquitectura de red Oracle | ||
| 500 | _a"Para todos los sistemas de computadoras. Bases de datos" | ||
| 534 |
_aTraducción de: _tOracle : a beginner's guide |
||
| 650 | 4 |
_aBASES DE DATOS RELACIONADAS _92941 |
|
| 650 | 4 |
_aORACLE (ARCHIVO PARA COMPUTADORA) _97569 |
|
| 700 | 1 |
_aCorey, Michael J., _ecoaut. |
|
| 905 | _aLibro | ||
| 999 |
_c42668 _d42668 |
||